| 000 | 00608nam a2200205 a 4500 | ||
|---|---|---|---|
| 005 | 20220524063626.0 | ||
| 008 | 991125s1978 mx 000 0 spa u | ||
| 020 | _a9684200129 | ||
| 035 | _aUPN01000037168 | ||
| 049 | _aLT | ||
| 050 | 4 |
_aLB1645 M6.1 _bP4.4a 1978 |
|
| 100 | 1 |
_aPérez Castillo, Habacuc _928612 |
|
| 245 | 1 | 0 |
_aMatemáticas : _bprimer curso / _cHabacuc Pérez Castillo |
| 260 |
_aMéxico : _bHerrero, _c1978 |
||
| 300 |
_a253 p. : _bil. |
||
| 500 | _a"Para la educación media" | ||
| 650 | 4 |
_aMatemáticas _xEstudio y enseñanza (Secundaria) _94860 |
|
| 904 |
_aAC _b037169 |
||
| 905 | _aLibro | ||
| 999 |
_c37168 _d37168 |
||